00629 2200193 4500001002100000005001500021035002000036007000300056008004100059020002200100082001400122084002000136100007100156245010500227260003400332300004200366650000900408650001800417INLIS00000000000150620250924102504 a0010-0925000020ta250924 g 0 ind  a978-602-344-009-2 a633.2.033 a633.2.033 KEM k0 aKementerian Pertanian, Badan Penelitian dan Pengembangan Pertanian1 aKeluarga Mumu Si Sapi Pedaging /cKementerian Pertanian, Badan Penelitian dan Pengembangan Pertanian aJakarta :bIAARD Press,c2014 aiv, 44 hlm. :bilus, ;c15 cm x 21 cm 4aBuku 4aSapi Pedaging